00839 2200301 4500001002100000005001500021035002000036007000300056040001600059100003200075245005000107250001300157300004100170020001800211041000800229082000800237090002000245264004800265336002100313337003000334338002300364650003500387850001000422008004100432084001400473990002300487990002700510INLIS00000000000452620260524093529 a0010-0122000158ta aSPBUPDbeng0 aTrias KucahyonoePengarang1 aDari damascus ke baghdad /cTrias Kucahyono a.-Cet. 1 axvii, hal 265. :billus. ;c14x21 cm a979-709-116-3 aeng a080 a090 COH i 1-20 a.--Jakarta :bKompas Media Nusantara,c2004 2rdacontentaTeks 2rdamediaaTanpa Perantara 2rdacarrieravolume 4acatatan perjalanan jurnalistik aPUPAD260524 0  a080 TRI d a0758/BR/ARPUS/2006 a0758/BR/ARPUS-pdg/2006